| 000 | 00767nam a2200265Ia 4500 | ||
|---|---|---|---|
| 003 | OSt | ||
| 005 | 20240928113139.0 | ||
| 008 | 210329s9999||||xx |||||||||||||| ||und|| | ||
| 020 | _a9788176381031 | ||
| 040 | _cSTCPL | ||
| 041 | _aMAL | ||
| 082 |
_a920.71 _bVIN-P |
||
| 100 |
_aAbraham, Vinu _qവിനു ഏബ്രഹാം |
||
| 245 | 0 |
_aP. padmarajan / _cby Vinu Abraham _hപി. പത്മരാജന് |
|
| 260 |
_aThiruvananthapuram : _bState Institute of Languages , _c2012 . |
||
| 300 |
_a96 p. _bPB |
||
| 490 | _a Ariv nirav vyjanika parambara / | ||
| 650 | _aMalayalam literature | ||
| 650 | _aBiography | ||
| 650 | _aIndian film maker | ||
| 650 | _a Screenwriter | ||
| 650 | _aMalayalam author | ||
| 942 | _cBK | ||
| 942 | _2ddc | ||
| 999 |
_c66106 _d66106 |
||